000 00546nam a2200193Ia 4500
005 20250508151420.0
008 008 250505s9999 xx 000 0 eng d
037 _aTextual
040 _aFEDL
_beng
_cFEDL
041 _aeng
_2eng
084 _a338.4, HUT
_qFEDL
100 _aHutton Graham
_9127161
245 0 _aWe too can prosper : The promise of productivity
260 _aNew York, USA
_bThe Macmillan Company
_c1953
300 _a248p.
650 _aEconomics
942 _cTEXL
_h338.4, HUT
999 _c1329636
_d1329636